Регионална библиотека "Любен Каравелов" - Русе

Икономика на предприятието (Запис номер 12788)

MARC детайли
000 -Лидер
Контролно поле с фиксирана дължина 01330nam a2200325 c 4500
003 - Код на организацията, давaща контролен номер
Контролно поле BLK
005 - Дата и час на последна редакция
Контролно поле 20180420214803.0
008 - Елементи от данни с фиксирана дължина
fixed length control field 180412b bul|||||r ||||||| ||bul||
010 ## - Наследен системен номер
LC control number KNG00014400000
020 ## - Международен стандартен номер на книга ISBN
Международен стандартен номер на книга ISBN 954-8750-04-Х
-- издат.: Линде - на том
040 ## - Източник на каталожния запис
Идентификатор на билиотеката - собственик на записа BLK
041 ## - Код за език
Код за езика на текст/звукозапис или на отделно заглавие Български
Код за езика КДБФ Български
080 ## - УДК
Текстов определител УДК Форми на предприятията в зависимост от отношението към собствеността...
УДК код - определител по УДК 334.72
УДК определител .003.1(038.1)
УДК - код + определител 334.72.003.1(038.1)
100 1# - Редна дума - Автор
Автор Хахе, Ернст
Авторска отговорност първи автор
R(LIN) 136555
139 ## - Редно поле
Редна дума Хахе, Ернст и др.
Авторски знак Хауф - Х 33
245 10 - Сведения за заглавието
Заглавие Икономика на предприятието
Подзаглавни данни Лексикон : Ч. 1 -
Редно поле (дума) Ернст Хахе; съавт. Хайнц Зандер.
Том Ч. 1
257 ## - Страна на издаване
Страна на създаване/издаване Германия
260 ## - Област на издателските данни
-- София
Година на издаване 1996 -
300 ## - Физическа характеристика
Размери/Мащаб 20 см
380 ## - Жанр
Жанр Обществени науки
650 #4 - Допълнително описание по предмет – тема
Основно описание – тема или топоним Стопански предприятия - икономика и организация - терминология
9 (RLIN) 257782
653 ## - Ключова дума – ненормативна
Ключова дума икономика
700 1# - Други автори (авторска отговорност)
Лично име Зандер, Хайнц
Автороска отговорност (Описва отношението между автора и произведението) съавт.
9 (RLIN) 257781
760 1# - Описание на основната серия
-- - на том
Редна дума на основното описание Хахе, Ернст
Място на издаване, издател и година Линде, 1996
Страници - том 152 с. : с ил.
Заглавие Ч. 1
852 ## - Местоположение
Форматна сигнатура Цб 190394
856 4# - Електронен адрес и достъп
Електронен формат pdf - файл
Път до файла /url/
856 4# - Електронен адрес и достъп
Електронен формат pdf - файл
Път до файла /url/
942 ## - АРТИКУЛИ
Вид на библиотечния материал Книги
Скрит в OPAC Не
944 ## - СЪЗДАВАНЕ И РЕДАКЦИЯ на ЗАПИСА
Създаване/Редакция Създаване
Дата на регистрацията/редакция 15.01.2003
Служител, извършил регистрацията/редакцията AB_DOS
944 ## - СЪЗДАВАНЕ И РЕДАКЦИЯ на ЗАПИСА
Създаване/Редакция Редакция
Дата на регистрацията/редакция 15.01.2003
Служител, извършил регистрацията/редакцията
999 ## - СИСТЕМНИ КОНТРОЛНИ НОМЕРА
Koha biblionumber 12788
Koha biblioitemnumber 12788
Наличности
Код за отписване Код за изгубен артикул Източник на класификационната схема Код за повреда Коз за рестрикции Код за отдаване Артикулен № Име на библиотеката - собственик Име на библиотеката, в която се намира в момента Статус (Текущо местоположение) Дата на вписване в системата Местоположение - отдел Цена в лева Инвентарен номер Систематично азбучна сигнатура Баркод Номер на екземпляра Цена в евро Служебен тип на артикула Служебна бележка
  Не е изгубен Universal Decimal Classification Не е повреден без рестрикции ползва се в читалня 22069 Регионална библиотека "Любен Каравелов" Русе Регионална библиотека "Любен Каравелов" Русе Хранилище 2024-06-07 Хранилище 0.00 626833 Цб 190394 120000626833 1 0.00 Книги  
  Не е изгубен Universal Decimal Classification Не е повреден без рестрикции заемане за дома 22070 Регионална библиотека "Любен Каравелов" Русе Регионална библиотека "Любен Каравелов" Русе Заемна - подръчен фонд 1996-01-01 Заемна - подръчен фонд 1.68 622679 П 334.7/Х 33 120000622679 2 0.86 Книги Дост: Pk Вид: Ф N: стар фонд Дата: 01.01.1996 Дата инв: 06.02.2018 Бележки инв: П2018
Vip Innovations Ltd, Rousse, Bulgaria 2025